000 04139nab a2200265 i 4500
003 BR-BrBNA
005 20251129143908.0
008 251129b2023 bl.ar|pooa||| 00| 0 eng |
040 _aBR-BrBNA
_beng
072 _aF70
072 _aF40
072 _aP40
100 _aSharpe, Joanne Mary
245 _aAnnual variation in growth and reproduction of three fern species of Danaea (Marattiaceae) in the hurricane-prone Luquillo mountains in Puerto Rico
500 _aPublicação on-line; Bibliography p. 12-14 (51 ref.); 3 tables; 4 illus.; Summaries (En, Es)
520 _a Abstract A long-term fern demography study that included measurements of plant traits of three species in the dimorphic genus Danaea (1991-2009) was conducted in a rainforest in Puerto Rico beginning two years after the first major hurricane (Hugo) since the early 1930s. Both vegetative (sterile) leaves and spore-bearing (fertile) leaves on tagged plants were monitored repeatedly to document not only differences between two types of leaves, but also patterns of annual variation during a timespan that included the passage in 1998 of hurricane Georges. While all three species had fertile leaf lifespans of six mo or less, Danaea geniculata and D. polymorpha had much longer mean sterile leaf spans (54.4 mo, 52.7 mo) than D. nodosa (33.5 mo). All three species had significant year-to-year trait differences, often with immediate increases after Hurricane Georges levels returning to or below pre-hurricane levels in subsequent years. Long-term observations of annual variation in traits of herbaceous layer ferns that mainly follows the passage of a major hurricane highlight the importance of this study as the frequency and magnitude of hurricanes due to climate change are predicted to increase, although more experimental studies to identify specific causes of these long-term trends are needed. Key words: dimorphism, interannual variation, plant traits, pteridophyte, tropical. Resumen Un estudio demográfico a largo plazo de helechos que incluyó mediciones de rasgos de plantas de tres especies del género dimórfico Danaea (1991-2009) se realizó en un bosque lluvioso en Puerto Rico, comenzando dos año después del primer huracán (Hugo) de gran impacto desde principios de los 1930. Se monitorearon repetidamente tanto las hojas vegetativas (estériles) como las hojas productoras de esporas (fértiles) en plantas determinadas, para documentar no solo las diferencias entre los dos tipos de hojas, sino también los patrones de variación anual durante un período de tiempo que incluyó el paso en 1998 del huracán Georges. Aunque las tres especies tenían una vida útil de hojas fértiles de seis meses o menos, Danaea geniculata y D. polymorpha tenían hojas estériles con una media de vida mucho más larga (54,4 meses, 52,7 meses) que D. nodosa (33,5 meses). Las tres especies mostraron diferencias significativas en sus rasgos característicos de un año a otro, a menudo con aumentos inmediatos después del paso del huracán Georges, volviendo a niveles similares o inferiores a los previos al paso del huracán en años posteriores. Las observaciones a largo plazo de la variación anual en los rasgos de helechos de la capa herbácea, tras el paso de un huracán de mayor impacto, resaltan la importancia de este tipo de estudio, ya que se predice un aumento en la frecuencia y la magnitud de los huracanes debido al cambio climático. Se necesitan más estudios experimentales para identificar causas específicas de estas tendencias a largo plazo. Palabras clave: dimorfismo, variación interanual, rasgos de la planta, pteridofitos, tropical.
650 _aPLANTA
650 _aPTERIDÓFITA
650 _aFOLHA
650 _aCICLONE
773 0 _0709
_9359038
_dRio de Janeiro-RJ Jardim Botanico do Rio de Janeiro 1935
_o2025-7012
_tRodriguésia (Brazil)
_x0370-6583; 2175-7860 on-line
_gv. 74 p. 1-14; (2023)
_wBR2025004384
856 _uhttps://www.scielo.br/j/rod/a/55LH5cvKB9MvjZsqxYWsTBN/?format=pdf&lang=en
942 _cANA
999 _c339277
_d339277